La espada de César / (Registro nro. 8612)
[ vista simple ]
| 000 -LEADER | |
|---|---|
| fixed length control field | 00927nam a22003017a 4500 |
| 001 - CONTROL NUMBER | |
| control field | 0107 |
| 003 - CONTROL NUMBER IDENTIFIER | |
| control field | DO-SdBNP |
| 005 - DATE AND TIME OF LATEST TRANSACTION | |
| control field | 20180219102641.0 |
| 007 - PHYSICAL DESCRIPTION FIXED FIELD--GENERAL INFORMATION | |
| fixed length control field | 0107 |
| 008 - FIXED-LENGTH DATA ELEMENTS--GENERAL INFORMATION | |
| fixed length control field | 151005b1987 sp 00| 0 spa d |
| 020 ## - INTERNATIONAL STANDARD BOOK NUMBER | |
| International Standard Book Number | 847722109X |
| 040 ## - CATALOGING SOURCE | |
| Original cataloging agency | BPMSU |
| Language of cataloging | spa |
| Transcribing agency | BPMSU |
| 100 1# - MAIN ENTRY--PERSONAL NAME | |
| Personal name | Stevenson, Robin |
| 240 10 - UNIFORM TITLE | |
| Uniform title | <a href="Sword of Caesar /">Sword of Caesar /</a> |
| Language of a work | eng |
| 245 13 - TITLE STATEMENT | |
| Title | La espada de César / |
| Statement of responsibility, etc. | Robin Stevenson, Bruce Stevenson ; ilustraciones Richard Hescox ; traducción José Ferrer Aleu |
| 260 ## - PUBLICATION, DISTRIBUTION, ETC. (IMPRINT) | |
| Place of publication, distribution, etc. | Barcelona : |
| Name of publisher, distributor, etc. | Timun Mas, |
| Date of publication, distribution, etc. | 1987. |
| 300 ## - PHYSICAL DESCRIPTION | |
| Extent | 126 p. : |
| Other physical details | il. ; |
| Dimensions | 18 cm. |
| 440 ## - SERIES STATEMENT/ADDED ENTRY--TITLE | |
| Volume/sequential designation | Ciudades coloniales., Máquina del tiempo ;, 18. |
| 490 1# - SERIES STATEMENT | |
| Series statement | La máquina del tiempo |
| Volume/sequential designation | 18 |
| 700 12 - ADDED ENTRY--PERSONAL NAME | |
| Personal name | Stevenson, Bruce |
| 700 12 - ADDED ENTRY--PERSONAL NAME | |
| Personal name | Ferrer Aleu, José, |
| Relator term | trad. |
| 700 12 - ADDED ENTRY--PERSONAL NAME | |
| Personal name | Hescox, Richard |
| Relator term | il. |
| 830 #0 - SERIES ADDED ENTRY--UNIFORM TITLE | |
| Name of part/section of a work | La maquina del tiempo |
| Number of part/section of a work | 18 |
| 910 ## - USER-OPTION DATA (OCLC) | |
| User-option data | 202 |
| 942 ## - ADDED ENTRY ELEMENTS (KOHA) | |
| Source of classification or shelving scheme | Dewey Decimal Classification |
| Koha item type | Libros |
| 945 ## - LOCAL PROCESSING INFORMATION (OCLC) | |
| a | Inventariado, 2018 /LP |
| 956 ## - LOCAL ELECTRONIC LOCATION AND ACCESS (OCLC) | |
| Host name | YLOCKWARD |
| Access number | 10 |
| Compression information | 20151110 |
| Path | 0107 |
| Withdrawn status | Lost status | Source of classification or shelving scheme | Damaged status | Not for loan | Collection code | Home library | Current library | Date acquired | Source of acquisition | Total Checkouts | Barcode | Date last seen | Price effective from | Koha item type | Copy number |
|---|---|---|---|---|---|---|---|---|---|---|---|---|---|---|---|
| Dewey Decimal Classification | Colección General | Biblioteca Pública Metropolitana Salomé Ureña | Biblioteca Pública Metropolitana Salomé Ureña | 11/10/2015 | FUNDI | BPMSU15110142 | 11/10/2015 | 11/10/2015 | Libros | ||||||
| Dewey Decimal Classification | Colección General | Biblioteca Pública Metropolitana Salomé Ureña | Biblioteca Pública Metropolitana Salomé Ureña | 11/10/2015 | FUNDI | BPMSU15110143 | 11/10/2015 | 11/10/2015 | Libros | ej. 2 | |||||
| Dewey Decimal Classification | Colección General | Biblioteca Pública Metropolitana Salomé Ureña | Biblioteca Pública Metropolitana Salomé Ureña | 11/10/2015 | FUNDI | BPMSU15110144 | 11/10/2015 | 11/10/2015 | Libros | ej. 3 |